[Event "MSR_ch20"]
[Site "?"]
[Date "2024.04.09"]
[Round "6.2"]
[White "Petrek, Dominik"]
[Black "Stevik, Patrik"]
[Result "1/2-1/2"]
[BlackElo "2213"]
[WhiteElo "2249"]
[LiveChessVersion "1.4.8"]

1. d4 {[%clk 1:30:59]} d5 {[%clk 1:31:00]} 2. c4 {[%clk 1:31:23]} e6
{[%clk 1:31:16]} 3. Nf3 {[%clk 1:31:43]} c5 {[%clk 1:31:41]} 4. cxd5
{[%clk 1:32:08]} exd5 {[%clk 1:32:08]} 5. Bg5 {[%clk 1:32:33]} Nf6
{[%clk 1:32:34]} 6. Nc3 {[%clk 1:32:56]} Be6 {[%clk 1:33:00]} 7. Bxf6
{[%clk 1:33:04]} Qxf6 {[%clk 1:33:28]} 8. e4 {[%clk 1:33:20]} dxe4
{[%clk 1:33:53]} 9. Bb5+ {[%clk 1:33:27]} Nc6 {[%clk 1:34:17]} 10. Qa4
{[%clk 1:33:21]} O-O-O {[%clk 1:34:37]} 11. Nxe4 {[%clk 1:32:35]} Qf5
{[%clk 1:35:01]} 12. Bxc6 {[%clk 1:32:17]} bxc6 {[%clk 1:35:30]} 13. Qxc6+
{[%clk 1:32:15]} Kb8 {[%clk 1:35:56]} 14. Qb5+ {[%clk 1:32:35]} Ka8
{[%clk 1:36:22]} 15. Qc6+ {[%clk 1:32:54]} Kb8 {[%clk 1:36:48]} 16. Qb5+
{[%clk 1:33:18]} Ka8 {[%clk 1:37:14]} 17. Qc6+ {[%clk 1:33:39]} 1/2-1/2

[Event "MSR_ch20"]
[Site "?"]
[Date "2024.04.09"]
[Round "6.3"]
[White "Zetocha, Adrian"]
[Black "Brnusak, Tomas"]
[Result "0-1"]
[BlackElo "2192"]
[WhiteElo "2134"]
[LiveChessVersion "1.4.8"]

1. d4 {[%clk 1:30:56]} e6 {[%clk 1:30:39]} 2. c4 {[%clk 1:30:56]} f5
{[%clk 1:31:02]} 3. g3 {[%clk 1:27:14]} Nf6 {[%clk 1:31:24]} 4. Bg2
{[%clk 1:25:50]} g6 {[%clk 1:31:41]} 5. Nf3 {[%clk 1:13:16]} Bg7 {[%clk 1:31:35]}
6. O-O {[%clk 1:06:01]} O-O {[%clk 1:31:53]} 7. Nc3 {[%clk 1:05:05]} d6
{[%clk 1:32:11]} 8. Qc2 {[%clk 1:03:27]} Nc6 {[%clk 1:29:58]} 9. Bf4
{[%clk 0:54:09]} Qe8 {[%clk 1:21:46]} 10. d5 {[%clk 0:50:01]} Nb4
{[%clk 1:20:17]} 11. Qb3 {[%clk 0:49:28]} Na6 {[%clk 1:20:39]} 12. dxe6
{[%clk 0:48:52]} Nc5 {[%clk 1:16:49]} 13. Qc2 {[%clk 0:47:23]} Nxe6
{[%clk 1:10:32]} 14. Bd2 {[%clk 0:42:22]} Bd7 {[%clk 1:07:34]} 15. Nd5
{[%clk 0:38:41]} Bc6 {[%clk 1:04:31]} 16. Nb4 {[%clk 0:37:44]} Be4
{[%clk 1:00:51]} 17. Nd3 {[%clk 0:35:17]} h6 {[%clk 0:49:53]} 18. Bc3
{[%clk 0:31:33]} f4 {[%clk 0:46:20]} 19. b3 {[%clk 0:19:04]} g5 {[%clk 0:41:47]}
20. Rad1 {[%clk 0:19:14]} fxg3 {[%clk 0:38:32]} 21. hxg3 {[%clk 0:18:32]} Qg6
{[%clk 0:37:36]} 22. Bxf6 {[%clk 0:11:45]} Rxf6 {[%clk 0:36:56]} 23. Nfe1
{[%clk 0:10:20]} Bxg2 {[%clk 0:36:43]} 24. Nxg2 {[%clk 0:10:17]} Nd4
{[%clk 0:36:04]} 25. Qd2 {[%clk 0:09:16]} Re8 {[%clk 0:36:25]} 26. Ne3
{[%clk 0:08:50]} Qh5 {[%clk 0:35:44]} 27. Nc1 {[%clk 0:06:59]} Rfe6
{[%clk 0:32:24]} 28. Kg2 {[%clk 0:06:41]} Rf8 {[%clk 0:28:21]} 29. Rh1
{[%clk 0:05:38]} Qf7 {[%clk 0:28:42]} 30. Rdf1 {[%clk 0:05:42]} c5
{[%clk 0:26:17]} 31. Nd3 {[%clk 0:03:03]} Qg6 {[%clk 0:26:31]} 32. Ne1
{[%clk 0:02:50]} Qe4+ {[%clk 0:26:24]} 33. Kg1 {[%clk 0:03:00]} Be5
{[%clk 0:23:54]} 34. N1g2 {[%clk 0:02:26]} Qg6 {[%clk 0:19:35]} 35. Nd5
{[%clk 0:00:48]} Bxg3 {[%clk 0:15:26]} 36. fxg3 {[%clk 0:01:05]} Nxe2+
{[%clk 0:15:26]} 37. Kh2 {[%clk 0:01:30]} Qh5+ {[%clk 0:15:33]} 38. Nh4
{[%clk 0:01:53]} gxh4 {[%clk 0:15:08]} 39. Rxf8+ {[%clk 0:00:46]} Kxf8
{[%clk 0:15:31]} 40. Kg2 {[%clk 0:00:33]} Qg4 {[%clk 0:15:09]} 0-1

[Event "MSR_ch20"]
[Site "?"]
[Date "2024.04.09"]
[Round "6.4"]
[White "Paluska, Karol"]
[Black "Skreko, Igor"]
[Result "1/2-1/2"]
[BlackElo "2165"]
[WhiteElo "2015"]
[LiveChessVersion "1.4.8"]

1. d4 {[%clk 1:29:09]} Nf6 {[%clk 1:30:58]} 2. c4 {[%clk 1:29:13]} g6
{[%clk 1:31:23]} 3. Nc3 {[%clk 1:29:38]} Bg7 {[%clk 1:31:50]} 4. e4
{[%clk 1:30:03]} d6 {[%clk 1:32:17]} 5. Be2 {[%clk 1:29:55]} O-O {[%clk 1:32:17]}
6. Be3 {[%clk 1:30:20]} Na6 {[%clk 1:29:39]} 7. h4 {[%clk 1:30:13]} h5
{[%clk 1:28:27]} 8. Nf3 {[%clk 1:28:12]} c5 {[%clk 1:28:16]} 9. d5
{[%clk 1:28:37]} Nc7 {[%clk 1:26:42]} 10. Nd2 {[%clk 1:29:01]} e6
{[%clk 1:26:31]} 11. Qc2 {[%clk 1:18:48]} exd5 {[%clk 1:25:33]} 12. cxd5
{[%clk 1:19:06]} Rb8 {[%clk 1:22:38]} 13. a4 {[%clk 1:18:44]} a6 {[%clk 1:21:44]}
14. a5 {[%clk 1:13:56]} b6 {[%clk 1:21:13]} 15. axb6 {[%clk 1:08:24]} Rxb6
{[%clk 1:21:31]} 16. Nc4 {[%clk 1:08:51]} Rb8 {[%clk 1:14:43]} 17. Bf4
{[%clk 1:07:50]} Nfe8 {[%clk 1:14:48]} 18. Qd3 {[%clk 1:00:15]} Nb5
{[%clk 1:11:16]} 19. Qg3 {[%clk 1:00:00]} Nxc3 {[%clk 0:56:04]} 20. bxc3
{[%clk 1:00:18]} Rb3 {[%clk 0:53:40]} 21. Rc1 {[%clk 0:58:42]} Qf6
{[%clk 0:52:44]} 22. Bg5 {[%clk 0:39:50]} Rxc3 {[%clk 0:48:17]} 23. Bxf6
{[%clk 0:40:15]} Rxc1+ {[%clk 0:48:41]} 24. Kd2 {[%clk 0:40:23]} Rxh1
{[%clk 0:47:21]} 25. Be7 {[%clk 0:40:29]} Ra1 {[%clk 0:34:58]} 26. Qb3
{[%clk 0:30:51]} Bd7 {[%clk 0:27:40]} 27. Bxf8 {[%clk 0:30:16]} Kxf8
{[%clk 0:26:44]} 28. Nb6 {[%clk 0:23:05]} Bb5 {[%clk 0:25:55]} 29. Bxb5
{[%clk 0:20:07]} axb5 {[%clk 0:26:17]} 30. Qxb5 {[%clk 0:20:36]} Ra2+
{[%clk 0:26:18]} 31. Kd3 {[%clk 0:19:44]} Ra3+ {[%clk 0:24:31]} 32. Ke2
{[%clk 0:19:24]} Ra2+ {[%clk 0:24:47]} 33. Kd3 {[%clk 0:19:04]} Ra3+
{[%clk 0:24:15]} 34. Ke2 {[%clk 0:19:30]} Ra2+ {[%clk 0:24:13]} 35. Kf3
{[%clk 0:19:57]} Ra3+ {[%clk 0:22:59]} 36. Ke2 {[%clk 0:19:24]} Ra2+
{[%clk 0:21:49]} 37. Kd3 {[%clk 0:17:46]} Ra3+ {[%clk 0:21:54]} 38. Ke2
{[%clk 0:13:59]} Ra2+ {[%clk 0:22:14]} 39. Kd3 {[%clk 0:14:23]} Ra3+
{[%clk 0:22:36]} 1/2-1/2

[Event "MSR_ch20"]
[Site "?"]
[Date "2024.04.09"]
[Round "6.5"]
[White "Beres, Tomas"]
[Black "Salgovic, Simon"]
[Result "1/2-1/2"]
[BlackElo "2059"]
[WhiteElo "2149"]
[LiveChessVersion "1.4.8"]

1. d4 {[%clk 1:30:47]} Nf6 {[%clk 1:26:45]} 2. Nf3 {[%clk 1:30:35]} c5
{[%clk 1:25:05]} 3. dxc5 {[%clk 1:23:35]} e6 {[%clk 1:18:42]} 4. e3
{[%clk 1:21:40]} Bxc5 {[%clk 1:16:03]} 5. Bd3 {[%clk 1:21:59]} d5
{[%clk 1:08:53]} 6. O-O {[%clk 1:19:41]} O-O {[%clk 1:01:04]} 7. Nbd2
{[%clk 1:18:24]} Nc6 {[%clk 0:44:44]} 8. a3 {[%clk 1:16:51]} e5 {[%clk 0:39:32]}
9. e4 {[%clk 1:14:07]} Bg4 {[%clk 0:36:03]} 10. h3 {[%clk 1:09:34]} Bh5
{[%clk 0:25:47]} 11. Qe1 {[%clk 0:41:02]} Bb6 {[%clk 0:10:13]} 12. g4
{[%clk 0:20:21]} Bg6 {[%clk 0:08:41]} 13. Kg2 {[%clk 0:20:13]} dxe4
{[%clk 0:02:01]} 14. Nxe4 {[%clk 0:19:29]} Nxe4 {[%clk 0:02:09]} 15. Bxe4
{[%clk 0:19:52]} f5 {[%clk 0:02:15]} 16. gxf5 {[%clk 0:17:29]} Bxf5
{[%clk 0:02:24]} 17. Bxf5 {[%clk 0:17:22]} Rxf5 {[%clk 0:02:45]} 18. Qe4
{[%clk 0:17:21]} Qf6 {[%clk 0:02:43]} 19. Be3 {[%clk 0:17:20]} Rf8
{[%clk 0:02:18]} 20. Nh4 {[%clk 0:16:38]} Rh5 {[%clk 0:01:44]} 21. Nf3
{[%clk 0:16:22]} Ne7 {[%clk 0:00:48]} 22. Qg4 {[%clk 0:15:58]} g6
{[%clk 0:00:37]} 23. Bg5 {[%clk 0:05:20]} Qxf3+ {[%clk 0:00:50]} 24. Qxf3
{[%clk 0:05:49]} Rxg5+ {[%clk 0:01:10]} 25. Qg4 {[%clk 0:06:10]} Rxg4+
{[%clk 0:01:14]} 26. hxg4 {[%clk 0:06:36]} g5 {[%clk 0:00:50]} 27. Rad1
{[%clk 0:06:29]} Ng6 {[%clk 0:00:35]} 28. f3 {[%clk 0:04:45]} Nh4+
{[%clk 0:00:32]} 29. Kg3 {[%clk 0:04:50]} Bc7 {[%clk 0:00:34]} 30. Rd7
{[%clk 0:04:26]} Bb8 {[%clk 0:01:01]} 31. Rxb7 {[%clk 0:02:13]} e4+
{[%clk 0:00:46]} 32. Kf2 {[%clk 0:02:09]} exf3 {[%clk 0:00:38]} 33. Rd1
{[%clk 0:01:32]} Re8 {[%clk 0:00:33]} 34. Rdd7 {[%clk 0:01:39]} Be5
{[%clk 0:00:42]} 35. c3 {[%clk 0:00:44]} Bf6 {[%clk 0:00:33]} 36. Rf7
{[%clk 0:00:39]} Re2+ {[%clk 0:00:32]} 37. Kf1 {[%clk 0:01:08]} Re6
{[%clk 0:00:33]} 38. Rfd7 {[%clk 0:01:15]} Re8 {[%clk 0:00:36]} 39. Kf2
{[%clk 0:00:54]} Ng6 {[%clk 0:00:35]} 40. Rxh7 {[%clk 0:00:33]} Ne7
{[%clk 0:00:31]} 41. Rh1 {[%clk 0:00:31]} Ng6 {[%clk 0:26:39]} 42. Kxf3
{[%clk 0:26:05]} Nh4+ {[%clk 0:22:20]} 43. Kf2 {[%clk 0:25:49]} Bd8
{[%clk 0:21:33]} 44. Re1 {[%clk 0:22:56]} Bb6+ {[%clk 0:21:36]} 45. Kf1
{[%clk 0:23:19]} Rf8+ {[%clk 0:20:24]} 46. Ke2 {[%clk 0:23:42]} Ng2
{[%clk 0:17:02]} 47. Rf1 {[%clk 0:15:36]} Re8+ {[%clk 0:06:04]} 48. Kd2
{[%clk 0:15:25]} Rd8+ {[%clk 0:02:05]} 49. Kc1 {[%clk 0:15:33]} Ne3
{[%clk 0:02:32]} 50. Re1 {[%clk 0:15:06]} Nxg4 {[%clk 0:02:40]} 51. Ree7
{[%clk 0:08:38]} Ne3 {[%clk 0:03:08]} 52. Rg7+ {[%clk 0:03:35]} Kf8
{[%clk 0:01:10]} 53. Kb1 {[%clk 0:03:25]} g4 {[%clk 0:01:20]} 54. Rbf7+
{[%clk 0:02:01]} Ke8 {[%clk 0:01:49]} 55. Re7+ {[%clk 0:01:57]} Kf8
{[%clk 0:02:17]} 56. Ref7+ {[%clk 0:00:52]} Ke8 {[%clk 0:02:45]} 57. Re7+
{[%clk 0:00:46]} Kf8 {[%clk 0:03:13]} 58. Ka2 {[%clk 0:00:39]} g3
{[%clk 0:03:28]} 59. Ref7+ {[%clk 0:00:52]} Ke8 {[%clk 0:03:57]} 60. Re7+
{[%clk 0:01:10]} Kf8 {[%clk 0:04:26]} 61. Rxe3 {[%clk 0:00:47]} Kxg7
{[%clk 0:03:41]} 62. Rxg3+ {[%clk 0:01:16]} Kf6 {[%clk 0:03:55]} 63. Rg2
{[%clk 0:01:31]} Ke6 {[%clk 0:03:15]} 64. Re2+ {[%clk 0:01:31]} Kd5
{[%clk 0:03:06]} 65. Kb3 {[%clk 0:01:50]} Kc6 {[%clk 0:02:20]} 66. a4
{[%clk 0:01:34]} Rf8 {[%clk 0:01:00]} 67. Re7 {[%clk 0:01:14]} Rf5
{[%clk 0:00:33]} 68. Rh7 {[%clk 0:01:14]} Rg5 {[%clk 0:00:34]} 69. Kc4
{[%clk 0:01:11]} Rg4+ {[%clk 0:00:58]} 70. Kb3 {[%clk 0:01:32]} 1/2-1/2

[Event "MSR_ch20"]
[Site "?"]
[Date "2024.04.09"]
[Round "6.6"]
[White "Bulej, Matej"]
[Black "Rakovsky, Jakub"]
[Result "1/2-1/2"]
[BlackElo "2069"]
[WhiteElo "2067"]
[LiveChessVersion "1.4.8"]

1. d4 {[%clk 1:30:59]} Nf6 {[%clk 1:30:33]} 2. Nf3 {[%clk 1:31:26]} b5
{[%clk 1:30:20]} 3. g3 {[%clk 1:28:25]} Bb7 {[%clk 1:30:18]} 4. Bg2
{[%clk 1:28:32]} e6 {[%clk 1:27:03]} 5. O-O {[%clk 1:28:03]} c5 {[%clk 1:23:33]}
6. b3 {[%clk 1:16:17]} a6 {[%clk 1:15:02]} 7. c4 {[%clk 1:10:16]} bxc4
{[%clk 1:07:12]} 8. bxc4 {[%clk 1:09:50]} cxd4 {[%clk 1:06:33]} 9. Bb2
{[%clk 0:53:58]} d6 {[%clk 0:56:28]} 10. Qb3 {[%clk 0:48:00]} Qc7
{[%clk 0:51:05]} 11. Bxd4 {[%clk 0:47:28]} Nbd7 {[%clk 0:50:28]} 12. Nbd2
{[%clk 0:43:35]} e5 {[%clk 0:48:53]} 13. Be3 {[%clk 0:31:17]} Rb8
{[%clk 0:43:45]} 14. Ba7 {[%clk 0:25:44]} Ra8 {[%clk 0:43:12]} 15. Be3
{[%clk 0:25:57]} Rb8 {[%clk 0:43:32]} 16. Ba7 {[%clk 0:16:20]} Rc8
{[%clk 0:43:07]} 17. Be3 {[%clk 0:16:40]} Be7 {[%clk 0:36:47]} 18. Rab1
{[%clk 0:15:22]} Bc6 {[%clk 0:33:13]} 19. Rfc1 {[%clk 0:14:56]} O-O
{[%clk 0:25:52]} 20. Nh4 {[%clk 0:10:08]} Bxg2 {[%clk 0:25:11]} 21. Nf5
{[%clk 0:06:58]} Nc5 {[%clk 0:17:17]} 22. Bxc5 {[%clk 0:06:27]} Ba8
{[%clk 0:13:39]} 23. Ba3 {[%clk 0:04:30]} g6 {[%clk 0:11:06]} 24. Nxe7+
{[%clk 0:04:36]} Qxe7 {[%clk 0:11:28]} 25. Qd3 {[%clk 0:04:02]} Rfd8
{[%clk 0:10:41]} 26. Rb6 {[%clk 0:04:00]} Bc6 {[%clk 0:04:40]} 27. Bb4
{[%clk 0:01:18]} Qa7 {[%clk 0:01:31]} 28. Ba5 {[%clk 0:01:43]} Rd7
{[%clk 0:01:30]} 29. Qe3 {[%clk 0:01:17]} Ba8 {[%clk 0:00:44]} 30. Rcb1
{[%clk 0:00:48]} Rc5 {[%clk 0:00:36]} 31. Qh6 {[%clk 0:00:45]} Rc8
{[%clk 0:00:42]} 32. Qe3 {[%clk 0:01:02]} Rc5 {[%clk 0:01:07]} 33. Qh6
{[%clk 0:00:43]} Bb7 {[%clk 0:01:00]} 34. Bc3 {[%clk 0:00:40]} Rc6
{[%clk 0:01:05]} 35. Ba5 {[%clk 0:00:55]} Rxb6 {[%clk 0:00:58]} 36. Bxb6
{[%clk 0:01:23]} Qa8 {[%clk 0:01:21]} 37. f3 {[%clk 0:00:43]} Qc8
{[%clk 0:01:32]} 38. Qg5 {[%clk 0:00:50]} Kg7 {[%clk 0:01:46]} 39. Be3
{[%clk 0:00:41]} Ng8 {[%clk 0:00:54]} 40. Bf2 {[%clk 0:00:52]} Nf6
{[%clk 0:00:36]} 41. Rb6 {[%clk 0:21:33]} h6 {[%clk 0:27:31]} 42. Qe3
{[%clk 0:20:44]} Qc7 {[%clk 0:24:55]} 43. Qa3 {[%clk 0:06:55]} Ng8
{[%clk 0:08:09]} 44. Qb2 {[%clk 0:04:34]} f5 {[%clk 0:08:07]} 45. Nb3
{[%clk 0:04:08]} Ne7 {[%clk 0:04:32]} 46. Na5 {[%clk 0:03:56]} Bc8
{[%clk 0:04:51]} 47. Qb4 {[%clk 0:02:17]} Kf7 {[%clk 0:03:59]} 48. Qb3
{[%clk 0:01:09]} Kg7 {[%clk 0:03:20]} 49. Qb4 {[%clk 0:01:36]} Kf7
{[%clk 0:03:07]} 50. Kg2 {[%clk 0:01:26]} h5 {[%clk 0:01:24]} 51. Qb3
{[%clk 0:01:28]} Kg7 {[%clk 0:01:50]} 52. Qb4 {[%clk 0:01:06]} Kf7
{[%clk 0:01:21]} 53. a3 {[%clk 0:01:00]} Kg7 {[%clk 0:01:25]} 54. a4
{[%clk 0:00:42]} Kf7 {[%clk 0:01:14]} 55. Qb3 {[%clk 0:01:09]} Kg7
{[%clk 0:01:40]} 56. Qb4 {[%clk 0:01:04]} Kf7 {[%clk 0:01:20]} 57. Be3
{[%clk 0:00:47]} f4 {[%clk 0:00:56]} 58. gxf4 {[%clk 0:00:41]} Nf5
{[%clk 0:01:06]} 59. Bf2 {[%clk 0:00:45]} Qd8 {[%clk 0:00:58]} 60. Nc6
{[%clk 0:00:55]} Qe8 {[%clk 0:00:36]} 61. Qb3 {[%clk 0:00:37]} Kg7
{[%clk 0:00:51]} 62. Qc3 {[%clk 0:00:37]} Kh7 {[%clk 0:00:45]} 63. fxe5
{[%clk 0:00:44]} Bb7 {[%clk 0:00:38]} 64. exd6 {[%clk 0:00:42]} Qxe2
{[%clk 0:00:44]} 65. Ne5 {[%clk 0:00:34]} Nh4+ {[%clk 0:00:49]} 66. Kg3
{[%clk 0:00:34]} Nf5+ {[%clk 0:00:58]} 67. Kg2 {[%clk 0:00:44]} Nh4+
{[%clk 0:01:09]} 68. Kg3 {[%clk 0:01:12]} Nf5+ {[%clk 0:01:37]} 69. Kg2 1/2-1/2

[Event "MSR_ch20"]
[Site "?"]
[Date "2024.04.09"]
[Round "6.7"]
[White "Koska, Jiri"]
[Black "Bochnicka, Vladimir"]
[Result "0-1"]
[BlackElo "2421"]
[WhiteElo "2024"]
[LiveChessVersion "1.4.8"]

1. e4 {[%clk 1:30:58]} e6 {[%clk 1:30:44]} 2. d3 {[%clk 1:26:11]} d5
{[%clk 1:30:51]} 3. Nf3 {[%clk 1:26:18]} dxe4 {[%clk 1:25:51]} 4. dxe4
{[%clk 1:26:30]} Qxd1+ {[%clk 1:26:07]} 5. Kxd1 {[%clk 1:26:58]} Bc5
{[%clk 1:26:22]} 6. Bf4 {[%clk 1:24:07]} Nf6 {[%clk 1:24:26]} 7. Bd3
{[%clk 1:22:14]} Bb6 {[%clk 1:19:16]} 8. Ke2 {[%clk 1:20:01]} Nbd7
{[%clk 1:13:57]} 9. a4 {[%clk 1:01:44]} a5 {[%clk 1:13:46]} 10. Nc3
{[%clk 0:56:30]} O-O {[%clk 1:06:31]} 11. Nb5 {[%clk 0:48:31]} c6
{[%clk 1:00:52]} 12. Na3 {[%clk 0:46:35]} Bc5 {[%clk 0:50:54]} 13. Nc4
{[%clk 0:30:32]} Re8 {[%clk 0:39:23]} 14. Rhd1 {[%clk 0:22:26]} Nh5
{[%clk 0:35:06]} 15. Be3 {[%clk 0:19:56]} e5 {[%clk 0:23:13]} 16. g3
{[%clk 0:14:50]} Nhf6 {[%clk 0:22:34]} 17. Bxc5 {[%clk 0:12:06]} Nxc5
{[%clk 0:22:56]} 18. Nd6 {[%clk 0:12:25]} Re7 {[%clk 0:22:15]} 19. Bc4
{[%clk 0:07:24]} Bg4 {[%clk 0:21:49]} 20. Ke3 {[%clk 0:07:20]} Bh5
{[%clk 0:17:23]} 21. h3 {[%clk 0:06:15]} Bg6 {[%clk 0:17:41]} 22. Ng5
{[%clk 0:06:27]} h6 {[%clk 0:15:46]} 23. Ngxf7 {[%clk 0:05:27]} Bxf7
{[%clk 0:16:11]} 24. Nxf7 {[%clk 0:05:50]} Rxf7 {[%clk 0:16:37]} 25. f3
{[%clk 0:05:36]} Kf8 {[%clk 0:16:49]} 26. Bxf7 {[%clk 0:06:00]} Kxf7
{[%clk 0:17:15]} 27. c3 {[%clk 0:05:49]} Ke6 {[%clk 0:15:41]} 28. Ra3
{[%clk 0:05:38]} b5 {[%clk 0:12:29]} 29. axb5 {[%clk 0:05:40]} cxb5
{[%clk 0:12:55]} 30. b4 {[%clk 0:04:43]} Na4 {[%clk 0:12:59]} 31. Kf2
{[%clk 0:02:12]} Nb2 {[%clk 0:12:30]} 32. Rb1 {[%clk 0:01:30]} Nc4
{[%clk 0:12:54]} 33. Ra2 {[%clk 0:01:50]} a4 {[%clk 0:13:16]} 34. Rd1
{[%clk 0:01:32]} a3 {[%clk 0:13:38]} 35. Re2 {[%clk 0:01:03]} g5 {[%clk 0:13:24]}
36. Ra2 {[%clk 0:00:43]} Rf8 {[%clk 0:12:20]} 37. Ke2 {[%clk 0:01:04]} h5
{[%clk 0:12:02]} 38. Raa1 {[%clk 0:00:55]} g4 {[%clk 0:11:29]} 39. hxg4
{[%clk 0:01:14]} hxg4 {[%clk 0:11:55]} 40. Rf1 {[%clk 0:00:45]} gxf3+
{[%clk 0:11:31]} 41. Rxf3 {[%clk 0:01:09]} Rh8 {[%clk 0:11:50]} 42. Raf1
{[%clk 0:24:27]} Nxe4 {[%clk 0:42:05]} 43. Kd3 {[%clk 0:24:47]} Ncd2
{[%clk 0:41:49]} 44. Rf8 {[%clk 0:24:31]} Rxf8 {[%clk 0:35:10]} 45. Rxf8
{[%clk 0:24:53]} a2 {[%clk 0:35:23]} 46. Ra8 {[%clk 0:24:48]} Nb3
{[%clk 0:35:49]} 47. Kxe4 {[%clk 0:23:31]} a1=Q {[%clk 0:36:11]} 48. Rxa1
{[%clk 0:23:57]} Nxa1 {[%clk 0:36:37]} 49. g4 {[%clk 0:24:15]} Nc2
{[%clk 0:35:38]} 50. g5 {[%clk 0:24:32]} Na3 {[%clk 0:36:01]} 51. g6
{[%clk 0:24:42]} Nc4 {[%clk 0:36:04]} 52. g7 {[%clk 0:25:07]} Kf7
{[%clk 0:36:30]} 53. g8=Q+ {[%clk 0:25:31]} Kxg8 {[%clk 0:36:55]} 54. Kd5
{[%clk 0:25:45]} Kf7 {[%clk 0:37:09]} 55. Kc5 {[%clk 0:25:59]} e4
{[%clk 0:37:02]} 56. Kxb5 {[%clk 0:26:24]} e3 {[%clk 0:37:27]} 57. Kxc4
{[%clk 0:26:51]} e2 {[%clk 0:37:52]} 58. Kc5 {[%clk 0:27:02]} e1=Q
{[%clk 0:38:14]} 59. c4 {[%clk 0:27:29]} Ke6 {[%clk 0:38:32]} 60. Kb5
{[%clk 0:27:39]} Kd6 {[%clk 0:38:44]} 0-1

[Event "MSR_ch20"]
[Site "?"]
[Date "2024.04.09"]
[Round "6.8"]
[White "Kulich, Daniel"]
[Black "Compel, Daniel"]
[Result "0-1"]
[BlackElo "2220"]
[WhiteElo "1941"]
[LiveChessVersion "1.4.8"]

1. e4 {[%clk 1:30:59]} c5 {[%clk 1:30:52]} 2. Nf3 {[%clk 1:31:05]} d6
{[%clk 1:31:14]} 3. d4 {[%clk 1:31:30]} cxd4 {[%clk 1:31:40]} 4. Nxd4
{[%clk 1:31:54]} Nf6 {[%clk 1:32:07]} 5. Nc3 {[%clk 1:32:15]} Nc6
{[%clk 1:32:31]} 6. g3 {[%clk 1:24:49]} g6 {[%clk 1:31:28]} 7. Bg2
{[%clk 1:25:08]} Nxd4 {[%clk 1:30:04]} 8. Qxd4 {[%clk 1:25:30]} Bg7
{[%clk 1:30:30]} 9. O-O {[%clk 1:25:36]} O-O {[%clk 1:30:55]} 10. Qd3
{[%clk 1:25:09]} Be6 {[%clk 1:28:26]} 11. Be3 {[%clk 1:09:34]} Rc8
{[%clk 1:27:11]} 12. Rfd1 {[%clk 1:09:34]} Qa5 {[%clk 1:24:36]} 13. Bd4
{[%clk 1:00:55]} a6 {[%clk 1:16:29]} 14. Ne2 {[%clk 0:52:15]} b5 {[%clk 1:13:28]}
15. a3 {[%clk 0:45:19]} Rfd8 {[%clk 1:01:58]} 16. Bc3 {[%clk 0:44:52]} Qc7
{[%clk 1:01:01]} 17. Rac1 {[%clk 0:44:35]} h5 {[%clk 0:42:34]} 18. h3
{[%clk 0:37:16]} Kh7 {[%clk 0:36:40]} 19. f4 {[%clk 0:33:58]} Bc4
{[%clk 0:36:16]} 20. Qf3 {[%clk 0:34:10]} Bxe2 {[%clk 0:34:41]} 21. Qxe2
{[%clk 0:34:26]} Nd7 {[%clk 0:29:42]} 22. Bxg7 {[%clk 0:31:08]} Kxg7
{[%clk 0:30:10]} 23. Kh2 {[%clk 0:25:50]} Nb6 {[%clk 0:27:13]} 24. Qf2
{[%clk 0:19:37]} Qc5 {[%clk 0:18:41]} 25. Qxc5 {[%clk 0:16:22]} dxc5
{[%clk 0:18:02]} 26. Bf1 {[%clk 0:11:17]} Kf8 {[%clk 0:11:54]} 27. Kg2
{[%clk 0:10:15]} Ke8 {[%clk 0:09:58]} 28. Kf3 {[%clk 0:10:14]} Na4
{[%clk 0:10:16]} 29. b3 {[%clk 0:10:37]} Nc3 {[%clk 0:10:22]} 30. Rd3
{[%clk 0:09:59]} Rxd3+ {[%clk 0:08:15]} 31. cxd3 {[%clk 0:10:08]} b4
{[%clk 0:08:38]} 32. a4 {[%clk 0:10:03]} Rd8 {[%clk 0:08:32]} 33. Ke3
{[%clk 0:08:53]} Rd4 {[%clk 0:06:09]} 34. Be2 {[%clk 0:08:57]} Kf8
{[%clk 0:05:59]} 35. h4 {[%clk 0:08:23]} Kg7 {[%clk 0:05:40]} 36. Bf3
{[%clk 0:08:20]} f6 {[%clk 0:03:27]} 37. Rc2 {[%clk 0:05:19]} e5 {[%clk 0:03:35]}
38. Rc1 {[%clk 0:05:32]} Rd8 {[%clk 0:02:59]} 39. Rg1 {[%clk 0:04:54]} Kh6
{[%clk 0:03:20]} 40. Rg2 {[%clk 0:03:02]} Re8 {[%clk 0:03:09]} 41. Rg1
{[%clk 0:21:56]} Rh8 {[%clk 0:31:42]} 42. Rg2 {[%clk 0:19:45]} Kg7
{[%clk 0:31:48]} 43. Rg1 {[%clk 0:19:49]} Kf7 {[%clk 0:32:14]} 44. Rf1
{[%clk 0:19:45]} Ke6 {[%clk 0:31:54]} 45. Bg2 {[%clk 0:17:38]} Kd6
{[%clk 0:31:41]} 46. Bf3 {[%clk 0:16:45]} Rg8 {[%clk 0:30:51]} 47. Rg1
{[%clk 0:13:07]} Ke6 {[%clk 0:30:34]} 48. Rg2 {[%clk 0:12:39]} Rh8
{[%clk 0:27:43]} 49. Rg1 {[%clk 0:12:29]} f5 {[%clk 0:27:29]} 50. Re1
{[%clk 0:11:59]} Re8 {[%clk 0:27:07]} 51. exf5+ {[%clk 0:09:40]} Kxf5
{[%clk 0:27:13]} 52. Be4+ {[%clk 0:08:19]} Kf6 {[%clk 0:22:57]} 53. Rf1
{[%clk 0:06:07]} exf4+ {[%clk 0:22:48]} 54. Rxf4+ {[%clk 0:06:12]} Kg7
{[%clk 0:23:14]} 55. Kf3 {[%clk 0:03:12]} Rd8 {[%clk 0:21:40]} 56. Ke3
{[%clk 0:02:18]} Rd7 {[%clk 0:20:14]} 57. g4 {[%clk 0:01:40]} Re7
{[%clk 0:18:54]} 58. Kf3 {[%clk 0:01:19]} Nxe4 {[%clk 0:14:44]} 59. Rxe4
{[%clk 0:00:54]} Rxe4 {[%clk 0:14:28]} 60. Kxe4 {[%clk 0:01:14]} hxg4
{[%clk 0:14:53]} 61. Kf4 {[%clk 0:00:57]} Kf6 {[%clk 0:15:19]} 62. Kxg4
{[%clk 0:01:21]} Ke5 {[%clk 0:15:43]} 63. Kg5 {[%clk 0:01:28]} Kd4
{[%clk 0:16:09]} 64. Kxg6 {[%clk 0:01:52]} Kxd3 {[%clk 0:16:20]} 65. h5
{[%clk 0:02:07]} c4 {[%clk 0:16:47]} 66. bxc4 {[%clk 0:00:56]} b3
{[%clk 0:17:02]} 67. h6 {[%clk 0:01:25]} b2 {[%clk 0:17:29]} 68. h7
{[%clk 0:01:52]} b1=Q {[%clk 0:17:54]} 69. h8=Q {[%clk 0:02:17]} Kxc4+
{[%clk 0:18:19]} 70. Kg5 {[%clk 0:02:02]} Qg1+ {[%clk 0:18:24]} 71. Kf4
{[%clk 0:00:52]} Qf2+ {[%clk 0:18:48]} 72. Kg5 {[%clk 0:00:53]} Qg3+
{[%clk 0:18:54]} 73. Kf5 {[%clk 0:01:15]} Qf3+ {[%clk 0:19:22]} 74. Kg5
{[%clk 0:01:34]} Qd5+ {[%clk 0:19:48]} 75. Kf4 {[%clk 0:01:59]} Kb3
{[%clk 0:19:34]} 76. Ke3 {[%clk 0:00:36]} a5 {[%clk 0:19:05]} 77. Qe8
{[%clk 0:00:33]} Qc5+ {[%clk 0:19:03]} 78. Kd3 {[%clk 0:00:54]} Qc2+
{[%clk 0:19:16]} 79. Kd4 {[%clk 0:00:52]} Qd2+ {[%clk 0:19:11]} 80. Kc5
{[%clk 0:01:13]} Qb4+ {[%clk 0:19:30]} 81. Kd5 {[%clk 0:01:19]} Qc4+
{[%clk 0:19:46]} 82. Kd6 {[%clk 0:01:38]} Kb4 {[%clk 0:19:44]} 83. Qe1+
{[%clk 0:00:33]} Kxa4 {[%clk 0:19:59]} 84. Qa1+ {[%clk 0:00:52]} Kb5
{[%clk 0:20:24]} 85. Ke5 {[%clk 0:01:03]} a4 {[%clk 0:20:36]} 86. Qb2+
{[%clk 0:00:39]} Qb3 {[%clk 0:20:53]} 87. Qd4 {[%clk 0:00:33]} a3
{[%clk 0:21:10]} 88. Qd7+ {[%clk 0:01:00]} Kb4 {[%clk 0:21:23]} 89. Qd6+
{[%clk 0:00:53]} Kc3 {[%clk 0:21:39]} 90. Qd4+ {[%clk 0:01:02]} Kc2
{[%clk 0:22:05]} 91. Qe4+ {[%clk 0:01:20]} Qd3 {[%clk 0:21:59]} 92. Qa4+
{[%clk 0:01:41]} Kb2 {[%clk 0:21:18]} 93. Qb4+ {[%clk 0:02:03]} Kc2
{[%clk 0:19:38]} 94. Qb7 {[%clk 0:02:05]} Qc3+ {[%clk 0:19:36]} 95. Ke4
{[%clk 0:02:29]} a2 {[%clk 0:19:40]} 96. Qa8 {[%clk 0:02:50]} a1=Q
{[%clk 0:19:51]} 97. Qxa1 {[%clk 0:03:17]} Qxa1 {[%clk 0:20:16]} 98. Kf4
{[%clk 0:03:42]} Kd3 {[%clk 0:20:40]} 99. Kg4 {[%clk 0:04:09]} Ke4
{[%clk 0:21:06]} 100. Kh5 {[%clk 0:04:37]} Qg7 {[%clk 0:21:28]} 0-1